Medzinárodný seminár o vzpieraní Trenčín, 4.9.2009
| Format: | Video DVD |
|---|---|
| Language: | Slovak Czech English Russian |
| PhysicalDescription: | 1 elektronický optický disk (DVD) 12 cm |
| Published: |
[Bratislava]
Slovenský zväz vzpierania
[2009]
|
| ISBN: | 9788097027438 |
| Subjects: |
MARC
| LEADER | 00000ngm a2200000 a 4500 | ||
|---|---|---|---|
| 001 | vtls010068693 | ||
| 003 | SK-MaSNL | ||
| 005 | 20260301083540.0 | ||
| 007 | vd cvaizs | ||
| 008 | 180730s2009 xo fsa 00 vlslo | ||
| 015 | |a SNBJ2010/03-01883 | ||
| 020 | |a 9788097027438 |q (DVD) | ||
| 040 | |a SNK |b slo |c SNK |e AACR2 | ||
| 041 | 0 | |a slo |a cze |a eng |a rus | |
| 044 | |a xo |c SK | ||
| 072 | 7 | |a 796 |x Šport. Hry. Telesné cvičenia |2 konspekt | |
| 080 | |a 796.88 |2 2001 | ||
| 080 | |a (082) |2 2001 | ||
| 080 | |a (0.034.44) |2 2001 | ||
| 245 | 0 | 0 | |a Medzinárodný seminár o vzpieraní |h videozáznam |b Trenčín, 4.9.2009 |
| 260 | |a [Bratislava] |b Slovenský zväz vzpierania |c [2009] | ||
| 300 | |a 1 elektronický optický disk (DVD) |c 12 cm | ||
| 500 | |a Sprievodná akcia 27. ročníka Považského pohára vo vzpieraní | ||
| 500 | |a Názov z titulnej obrazovky | ||
| 650 | 0 | 7 | |a vzpieranie |2 SNKPH |9 3253 |
| 655 | 7 | |a DVD |2 SNKPH |9 70751 | |
| 655 | 7 | |a zborníky |2 SNKPH |9 70165 | |
| 919 | |a 978-80-970274-3-8 | ||
| 999 | |c 660793 |d 662723 | ||
| 952 | |a SNK |b SNK |y PREZ |7 0 |p 17A0646442 |o snkSCDM 2578 |i snk2010/3732 |8 0 |0 0 |1 0 |4 0 |d 2010-02-24 |l 0 |r 2026-02-23 18:52:43 |w 2026-02-23 | ||


